<?xml version="1.0" encoding="UTF-8"?>
<record
    xmlns:xsi="http://www.w3.org/2001/XMLSchema-instance"
    xsi:schemaLocation="http://www.loc.gov/MARC21/slim http://www.loc.gov/standards/marcxml/schema/MARC21slim.xsd"
    xmlns="http://www.loc.gov/MARC21/slim">

  <leader>00909cam a2200253 i 4500</leader>
  <controlfield tag="001">21839259</controlfield>
  <controlfield tag="005">20220902091451.0</controlfield>
  <controlfield tag="008">201214s2020    ke a     b    001 0 eng  </controlfield>
  <datafield tag="010" ind1=" " ind2=" ">
    <subfield code="a">  2020336574</subfield>
  </datafield>
  <datafield tag="020" ind1=" " ind2=" ">
    <subfield code="a">9789966955920</subfield>
  </datafield>
  <datafield tag="040" ind1=" " ind2=" ">
    <subfield code="a">DLC</subfield>
    <subfield code="b">eng</subfield>
    <subfield code="c">DLC</subfield>
    <subfield code="e">rda</subfield>
  </datafield>
  <datafield tag="042" ind1=" " ind2=" ">
    <subfield code="a">pcc</subfield>
    <subfield code="a">lcode</subfield>
  </datafield>
  <datafield tag="043" ind1=" " ind2=" ">
    <subfield code="a">f-ke---</subfield>
  </datafield>
  <datafield tag="050" ind1="0" ind2="0">
    <subfield code="a">GN484 </subfield>
    <subfield code="b">.N53 2020</subfield>
  </datafield>
  <datafield tag="100" ind1="1" ind2=" ">
    <subfield code="a">Njoya, Timothy Murere,</subfield>
    <subfield code="d">1941-</subfield>
    <subfield code="e">author.</subfield>
  </datafield>
  <datafield tag="245" ind1="1" ind2="0">
    <subfield code="a">Selfhood :</subfield>
    <subfield code="b">the divinity of the clitoris /</subfield>
    <subfield code="c">Timothy M. Njoya.</subfield>
  </datafield>
  <datafield tag="260" ind1=" " ind2=" ">
    <subfield code="a">Nairobi,Kenya:</subfield>
    <subfield code="b">Rev. Dr. Timothy Njoya,</subfield>
    <subfield code="c">2020.</subfield>
  </datafield>
  <datafield tag="300" ind1=" " ind2=" ">
    <subfield code="a">802 p. :</subfield>
    <subfield code="b">ill. ;</subfield>
    <subfield code="c">25 cm</subfield>
  </datafield>
  <datafield tag="504" ind1=" " ind2=" ">
    <subfield code="a">Includes bibliographical references (pages 791-792) and index.</subfield>
  </datafield>
  <datafield tag="650" ind1=" " ind2="0">
    <subfield code="a">Female circumcision</subfield>
    <subfield code="x">Religious aspects</subfield>
    <subfield code="z">Kenya.</subfield>
  </datafield>
  <datafield tag="906" ind1=" " ind2=" ">
    <subfield code="a">7</subfield>
    <subfield code="b">cbc</subfield>
    <subfield code="c">origode</subfield>
    <subfield code="d">3</subfield>
    <subfield code="e">ncip</subfield>
    <subfield code="f">20</subfield>
    <subfield code="g">y-gencatlg</subfield>
  </datafield>
  <datafield tag="942" ind1=" " ind2=" ">
    <subfield code="2">lcc</subfield>
    <subfield code="c">BOOKS</subfield>
    <subfield code="h">GN484 .N53 2020</subfield>
  </datafield>
  <datafield tag="999" ind1=" " ind2=" ">
    <subfield code="c">31453</subfield>
    <subfield code="d">31453</subfield>
  </datafield>
  <datafield tag="952" ind1=" " ind2=" ">
    <subfield code="0">0</subfield>
    <subfield code="1">0</subfield>
    <subfield code="2">lcc</subfield>
    <subfield code="4">0</subfield>
    <subfield code="7">0</subfield>
    <subfield code="a">MUC</subfield>
    <subfield code="b">MUC</subfield>
    <subfield code="c">GEN</subfield>
    <subfield code="d">2022-09-02</subfield>
    <subfield code="e">Donation (Dr. L. Ndivo)</subfield>
    <subfield code="g">2499.00</subfield>
    <subfield code="l">0</subfield>
    <subfield code="o">GN484 .N53 2020</subfield>
    <subfield code="p">39189</subfield>
    <subfield code="r">2022-09-02</subfield>
    <subfield code="w">2022-09-02</subfield>
    <subfield code="y">BOOKS</subfield>
  </datafield>
  <datafield tag="952" ind1=" " ind2=" ">
    <subfield code="0">0</subfield>
    <subfield code="1">0</subfield>
    <subfield code="2">lcc</subfield>
    <subfield code="4">0</subfield>
    <subfield code="7">0</subfield>
    <subfield code="a">MUC</subfield>
    <subfield code="b">MUC</subfield>
    <subfield code="c">GEN</subfield>
    <subfield code="d">2022-09-02</subfield>
    <subfield code="e">Donation (Dr. L. Ndivo)</subfield>
    <subfield code="g">2499.00</subfield>
    <subfield code="l">0</subfield>
    <subfield code="o">GN484 .N53 2020</subfield>
    <subfield code="p">39190</subfield>
    <subfield code="r">2022-09-02</subfield>
    <subfield code="w">2022-09-02</subfield>
    <subfield code="y">BOOKS</subfield>
  </datafield>
  <datafield tag="952" ind1=" " ind2=" ">
    <subfield code="0">0</subfield>
    <subfield code="1">0</subfield>
    <subfield code="2">lcc</subfield>
    <subfield code="4">0</subfield>
    <subfield code="7">0</subfield>
    <subfield code="a">MUC</subfield>
    <subfield code="b">MUC</subfield>
    <subfield code="c">GEN</subfield>
    <subfield code="d">2022-09-02</subfield>
    <subfield code="e">Donation (Dr. L. Ndivo)</subfield>
    <subfield code="g">2499.00</subfield>
    <subfield code="l">0</subfield>
    <subfield code="o">GN484 .N53 2020</subfield>
    <subfield code="p">39191</subfield>
    <subfield code="r">2026-05-20</subfield>
    <subfield code="w">2022-09-02</subfield>
    <subfield code="y">BOOKS</subfield>
  </datafield>
  <datafield tag="952" ind1=" " ind2=" ">
    <subfield code="0">0</subfield>
    <subfield code="1">0</subfield>
    <subfield code="2">lcc</subfield>
    <subfield code="4">0</subfield>
    <subfield code="7">0</subfield>
    <subfield code="a">MUC</subfield>
    <subfield code="b">MUC</subfield>
    <subfield code="c">GEN</subfield>
    <subfield code="d">2022-09-02</subfield>
    <subfield code="e">Donation (Dr. L. Ndivo)</subfield>
    <subfield code="g">2499.00</subfield>
    <subfield code="l">1</subfield>
    <subfield code="o">GN484 .N53 2020</subfield>
    <subfield code="p">39192</subfield>
    <subfield code="r">2022-10-14</subfield>
    <subfield code="s">2022-09-29</subfield>
    <subfield code="w">2022-09-02</subfield>
    <subfield code="y">BOOKS</subfield>
  </datafield>
  <datafield tag="952" ind1=" " ind2=" ">
    <subfield code="0">0</subfield>
    <subfield code="1">0</subfield>
    <subfield code="2">lcc</subfield>
    <subfield code="4">0</subfield>
    <subfield code="7">0</subfield>
    <subfield code="a">MUC</subfield>
    <subfield code="b">MUC</subfield>
    <subfield code="c">GEN</subfield>
    <subfield code="d">2022-09-02</subfield>
    <subfield code="e">Donation (Dr. L. Ndivo)</subfield>
    <subfield code="g">2499.00</subfield>
    <subfield code="l">0</subfield>
    <subfield code="o">GN484 .N53 2020</subfield>
    <subfield code="p">39193</subfield>
    <subfield code="r">2022-09-02</subfield>
    <subfield code="w">2022-09-02</subfield>
    <subfield code="y">BOOKS</subfield>
  </datafield>
  <datafield tag="952" ind1=" " ind2=" ">
    <subfield code="0">0</subfield>
    <subfield code="1">0</subfield>
    <subfield code="2">lcc</subfield>
    <subfield code="4">0</subfield>
    <subfield code="7">0</subfield>
    <subfield code="a">MUC</subfield>
    <subfield code="b">MUC</subfield>
    <subfield code="c">GEN</subfield>
    <subfield code="d">2022-09-02</subfield>
    <subfield code="e">Donation (Dr. L. Ndivo)</subfield>
    <subfield code="g">2499.00</subfield>
    <subfield code="l">0</subfield>
    <subfield code="o">GN484 .N53 2020</subfield>
    <subfield code="p">39194</subfield>
    <subfield code="r">2022-09-02</subfield>
    <subfield code="w">2022-09-02</subfield>
    <subfield code="y">BOOKS</subfield>
  </datafield>
  <datafield tag="952" ind1=" " ind2=" ">
    <subfield code="0">0</subfield>
    <subfield code="1">0</subfield>
    <subfield code="2">lcc</subfield>
    <subfield code="4">0</subfield>
    <subfield code="7">0</subfield>
    <subfield code="a">MUC</subfield>
    <subfield code="b">MUC</subfield>
    <subfield code="c">GEN</subfield>
    <subfield code="d">2022-09-02</subfield>
    <subfield code="e">Donation (Dr. L. Ndivo)</subfield>
    <subfield code="g">2499.00</subfield>
    <subfield code="l">0</subfield>
    <subfield code="o">GN484 .N53 2020</subfield>
    <subfield code="p">39195</subfield>
    <subfield code="r">2022-09-02</subfield>
    <subfield code="w">2022-09-02</subfield>
    <subfield code="y">BOOKS</subfield>
  </datafield>
  <datafield tag="952" ind1=" " ind2=" ">
    <subfield code="0">0</subfield>
    <subfield code="1">0</subfield>
    <subfield code="2">lcc</subfield>
    <subfield code="4">0</subfield>
    <subfield code="7">0</subfield>
    <subfield code="a">MUC</subfield>
    <subfield code="b">MUC</subfield>
    <subfield code="c">GEN</subfield>
    <subfield code="d">2022-09-02</subfield>
    <subfield code="e">Donation (Dr. L. Ndivo)</subfield>
    <subfield code="g">2499.00</subfield>
    <subfield code="l">0</subfield>
    <subfield code="o">GN484 .N53 2020</subfield>
    <subfield code="p">39196</subfield>
    <subfield code="r">2022-09-02</subfield>
    <subfield code="w">2022-09-02</subfield>
    <subfield code="y">BOOKS</subfield>
  </datafield>
  <datafield tag="952" ind1=" " ind2=" ">
    <subfield code="0">0</subfield>
    <subfield code="1">0</subfield>
    <subfield code="2">lcc</subfield>
    <subfield code="4">0</subfield>
    <subfield code="7">0</subfield>
    <subfield code="a">MUC</subfield>
    <subfield code="b">MUC</subfield>
    <subfield code="c">GEN</subfield>
    <subfield code="d">2022-09-02</subfield>
    <subfield code="e">Donation (Dr. L. Ndivo)</subfield>
    <subfield code="g">2499.00</subfield>
    <subfield code="l">0</subfield>
    <subfield code="o">GN484 .N53 2020</subfield>
    <subfield code="p">39197</subfield>
    <subfield code="r">2022-09-02</subfield>
    <subfield code="w">2022-09-02</subfield>
    <subfield code="y">BOOKS</subfield>
  </datafield>
  <datafield tag="952" ind1=" " ind2=" ">
    <subfield code="0">0</subfield>
    <subfield code="1">0</subfield>
    <subfield code="2">lcc</subfield>
    <subfield code="4">0</subfield>
    <subfield code="7">0</subfield>
    <subfield code="a">MUC</subfield>
    <subfield code="b">MUC</subfield>
    <subfield code="c">GEN</subfield>
    <subfield code="d">2022-09-02</subfield>
    <subfield code="e">Donation (Dr. L. Ndivo)</subfield>
    <subfield code="g">2499.00</subfield>
    <subfield code="l">0</subfield>
    <subfield code="o">GN484 .N53 2020</subfield>
    <subfield code="p">39198</subfield>
    <subfield code="r">2022-09-02</subfield>
    <subfield code="w">2022-09-02</subfield>
    <subfield code="y">BOOKS</subfield>
  </datafield>
  <datafield tag="952" ind1=" " ind2=" ">
    <subfield code="0">0</subfield>
    <subfield code="1">0</subfield>
    <subfield code="2">lcc</subfield>
    <subfield code="4">0</subfield>
    <subfield code="7">0</subfield>
    <subfield code="a">MUC</subfield>
    <subfield code="b">MUC</subfield>
    <subfield code="c">GEN</subfield>
    <subfield code="d">2022-09-02</subfield>
    <subfield code="e">Donation (Dr. L. Ndivo)</subfield>
    <subfield code="g">2499.00</subfield>
    <subfield code="l">0</subfield>
    <subfield code="o">GN484 .N53 2020</subfield>
    <subfield code="p">39199</subfield>
    <subfield code="r">2022-09-02</subfield>
    <subfield code="w">2022-09-02</subfield>
    <subfield code="y">BOOKS</subfield>
  </datafield>
  <datafield tag="952" ind1=" " ind2=" ">
    <subfield code="0">0</subfield>
    <subfield code="1">0</subfield>
    <subfield code="2">lcc</subfield>
    <subfield code="4">0</subfield>
    <subfield code="7">0</subfield>
    <subfield code="a">MUC</subfield>
    <subfield code="b">MUC</subfield>
    <subfield code="c">GEN</subfield>
    <subfield code="d">2022-09-02</subfield>
    <subfield code="e">Donation (Dr. L. Ndivo)</subfield>
    <subfield code="g">2499.00</subfield>
    <subfield code="l">0</subfield>
    <subfield code="o">GN484 .N53 2020</subfield>
    <subfield code="p">39200</subfield>
    <subfield code="r">2022-09-02</subfield>
    <subfield code="w">2022-09-02</subfield>
    <subfield code="y">BOOKS</subfield>
  </datafield>
  <datafield tag="952" ind1=" " ind2=" ">
    <subfield code="0">0</subfield>
    <subfield code="1">0</subfield>
    <subfield code="2">lcc</subfield>
    <subfield code="4">0</subfield>
    <subfield code="7">0</subfield>
    <subfield code="a">MUC</subfield>
    <subfield code="b">MUC</subfield>
    <subfield code="c">GEN</subfield>
    <subfield code="d">2022-09-02</subfield>
    <subfield code="e">Donation (Dr. L. Ndivo)</subfield>
    <subfield code="g">2499.00</subfield>
    <subfield code="l">0</subfield>
    <subfield code="o">GN484 .N53 2020</subfield>
    <subfield code="p">39201</subfield>
    <subfield code="r">2022-09-02</subfield>
    <subfield code="w">2022-09-02</subfield>
    <subfield code="y">BOOKS</subfield>
  </datafield>
  <datafield tag="952" ind1=" " ind2=" ">
    <subfield code="0">0</subfield>
    <subfield code="1">0</subfield>
    <subfield code="2">lcc</subfield>
    <subfield code="4">0</subfield>
    <subfield code="7">0</subfield>
    <subfield code="a">MUC</subfield>
    <subfield code="b">MUC</subfield>
    <subfield code="c">GEN</subfield>
    <subfield code="d">2022-09-02</subfield>
    <subfield code="e">Donation (Dr. L. Ndivo)</subfield>
    <subfield code="g">2499.00</subfield>
    <subfield code="l">0</subfield>
    <subfield code="o">GN484 .N53 2020</subfield>
    <subfield code="p">39202</subfield>
    <subfield code="r">2022-09-02</subfield>
    <subfield code="w">2022-09-02</subfield>
    <subfield code="y">BOOKS</subfield>
  </datafield>
  <datafield tag="952" ind1=" " ind2=" ">
    <subfield code="0">0</subfield>
    <subfield code="1">0</subfield>
    <subfield code="2">lcc</subfield>
    <subfield code="4">0</subfield>
    <subfield code="7">0</subfield>
    <subfield code="a">MUC</subfield>
    <subfield code="b">MUC</subfield>
    <subfield code="c">GEN</subfield>
    <subfield code="d">2022-09-02</subfield>
    <subfield code="e">Donation (Dr. L. Ndivo)</subfield>
    <subfield code="g">2499.00</subfield>
    <subfield code="l">0</subfield>
    <subfield code="o">GN484 .N53 2020</subfield>
    <subfield code="p">39203</subfield>
    <subfield code="r">2022-09-02</subfield>
    <subfield code="w">2022-09-02</subfield>
    <subfield code="y">BOOKS</subfield>
  </datafield>
  <datafield tag="952" ind1=" " ind2=" ">
    <subfield code="0">0</subfield>
    <subfield code="1">0</subfield>
    <subfield code="2">lcc</subfield>
    <subfield code="4">0</subfield>
    <subfield code="7">0</subfield>
    <subfield code="a">MUC</subfield>
    <subfield code="b">MUC</subfield>
    <subfield code="c">GEN</subfield>
    <subfield code="d">2022-09-02</subfield>
    <subfield code="e">Donation (Dr. L. Ndivo)</subfield>
    <subfield code="g">2499.00</subfield>
    <subfield code="l">0</subfield>
    <subfield code="o">GN484 .N53 2020</subfield>
    <subfield code="p">39204</subfield>
    <subfield code="r">2022-09-02</subfield>
    <subfield code="w">2022-09-02</subfield>
    <subfield code="y">BOOKS</subfield>
  </datafield>
  <datafield tag="952" ind1=" " ind2=" ">
    <subfield code="0">0</subfield>
    <subfield code="1">0</subfield>
    <subfield code="2">lcc</subfield>
    <subfield code="4">0</subfield>
    <subfield code="7">0</subfield>
    <subfield code="a">MUC</subfield>
    <subfield code="b">MUC</subfield>
    <subfield code="c">GEN</subfield>
    <subfield code="d">2022-09-02</subfield>
    <subfield code="e">Donation (Dr. L. Ndivo)</subfield>
    <subfield code="g">2499.00</subfield>
    <subfield code="l">3</subfield>
    <subfield code="o">GN484 .N53 2020</subfield>
    <subfield code="p">39205</subfield>
    <subfield code="r">2022-12-03</subfield>
    <subfield code="s">2022-11-25</subfield>
    <subfield code="w">2022-09-02</subfield>
    <subfield code="y">BOOKS</subfield>
  </datafield>
  <datafield tag="952" ind1=" " ind2=" ">
    <subfield code="0">0</subfield>
    <subfield code="1">0</subfield>
    <subfield code="2">lcc</subfield>
    <subfield code="4">0</subfield>
    <subfield code="7">0</subfield>
    <subfield code="a">MUC</subfield>
    <subfield code="b">MUC</subfield>
    <subfield code="c">GEN</subfield>
    <subfield code="d">2022-09-02</subfield>
    <subfield code="e">Donation (Dr. L. Ndivo)</subfield>
    <subfield code="g">2499.00</subfield>
    <subfield code="l">0</subfield>
    <subfield code="o">GN484 .N53 2020</subfield>
    <subfield code="p">39206</subfield>
    <subfield code="r">2022-09-02</subfield>
    <subfield code="w">2022-09-02</subfield>
    <subfield code="y">BOOKS</subfield>
  </datafield>
  <datafield tag="952" ind1=" " ind2=" ">
    <subfield code="0">0</subfield>
    <subfield code="1">0</subfield>
    <subfield code="2">lcc</subfield>
    <subfield code="4">0</subfield>
    <subfield code="7">0</subfield>
    <subfield code="a">MUC</subfield>
    <subfield code="b">MUC</subfield>
    <subfield code="c">GEN</subfield>
    <subfield code="d">2022-09-02</subfield>
    <subfield code="e">Donation (Dr. L. Ndivo)</subfield>
    <subfield code="g">2499.00</subfield>
    <subfield code="l">0</subfield>
    <subfield code="o">GN484 .N53 2020</subfield>
    <subfield code="p">39207</subfield>
    <subfield code="r">2022-09-02</subfield>
    <subfield code="w">2022-09-02</subfield>
    <subfield code="y">BOOKS</subfield>
  </datafield>
  <datafield tag="952" ind1=" " ind2=" ">
    <subfield code="0">0</subfield>
    <subfield code="1">0</subfield>
    <subfield code="2">lcc</subfield>
    <subfield code="4">0</subfield>
    <subfield code="7">0</subfield>
    <subfield code="a">MUC</subfield>
    <subfield code="b">MUC</subfield>
    <subfield code="c">GEN</subfield>
    <subfield code="d">2022-09-02</subfield>
    <subfield code="e">Donation (Dr. L. Ndivo)</subfield>
    <subfield code="g">2499.00</subfield>
    <subfield code="l">0</subfield>
    <subfield code="o">GN484 .N53 2020</subfield>
    <subfield code="p">39208</subfield>
    <subfield code="r">2022-09-02</subfield>
    <subfield code="w">2022-09-02</subfield>
    <subfield code="y">BOOKS</subfield>
  </datafield>
  <datafield tag="952" ind1=" " ind2=" ">
    <subfield code="0">0</subfield>
    <subfield code="1">0</subfield>
    <subfield code="2">lcc</subfield>
    <subfield code="4">0</subfield>
    <subfield code="7">0</subfield>
    <subfield code="a">MUC</subfield>
    <subfield code="b">MUC</subfield>
    <subfield code="c">GEN</subfield>
    <subfield code="d">2022-09-02</subfield>
    <subfield code="e">Donation (Dr. L. Ndivo)</subfield>
    <subfield code="g">2499.00</subfield>
    <subfield code="l">0</subfield>
    <subfield code="o">GN484 .N53 2020</subfield>
    <subfield code="p">39209</subfield>
    <subfield code="r">2022-09-02</subfield>
    <subfield code="w">2022-09-02</subfield>
    <subfield code="y">BOOKS</subfield>
  </datafield>
  <datafield tag="952" ind1=" " ind2=" ">
    <subfield code="0">0</subfield>
    <subfield code="1">0</subfield>
    <subfield code="2">lcc</subfield>
    <subfield code="4">0</subfield>
    <subfield code="7">0</subfield>
    <subfield code="a">MUC</subfield>
    <subfield code="b">MUC</subfield>
    <subfield code="c">GEN</subfield>
    <subfield code="d">2022-09-02</subfield>
    <subfield code="e">Donation (Dr. L. Ndivo)</subfield>
    <subfield code="g">2499.00</subfield>
    <subfield code="l">0</subfield>
    <subfield code="o">GN484 .N53 2020</subfield>
    <subfield code="p">39210</subfield>
    <subfield code="r">2022-09-02</subfield>
    <subfield code="w">2022-09-02</subfield>
    <subfield code="y">BOOKS</subfield>
  </datafield>
  <datafield tag="952" ind1=" " ind2=" ">
    <subfield code="0">0</subfield>
    <subfield code="1">0</subfield>
    <subfield code="2">lcc</subfield>
    <subfield code="4">0</subfield>
    <subfield code="7">0</subfield>
    <subfield code="a">MUC</subfield>
    <subfield code="b">MUC</subfield>
    <subfield code="c">GEN</subfield>
    <subfield code="d">2022-09-02</subfield>
    <subfield code="e">Donation (Dr. L. Ndivo)</subfield>
    <subfield code="g">2499.00</subfield>
    <subfield code="l">0</subfield>
    <subfield code="o">GN484 .N53 2020</subfield>
    <subfield code="p">39211</subfield>
    <subfield code="r">2022-09-02</subfield>
    <subfield code="w">2022-09-02</subfield>
    <subfield code="y">BOOKS</subfield>
  </datafield>
  <datafield tag="952" ind1=" " ind2=" ">
    <subfield code="0">0</subfield>
    <subfield code="1">0</subfield>
    <subfield code="2">lcc</subfield>
    <subfield code="4">0</subfield>
    <subfield code="7">0</subfield>
    <subfield code="a">MUC</subfield>
    <subfield code="b">MUC</subfield>
    <subfield code="c">GEN</subfield>
    <subfield code="d">2022-09-02</subfield>
    <subfield code="e">Donation (Dr. L. Ndivo)</subfield>
    <subfield code="g">2499.00</subfield>
    <subfield code="l">0</subfield>
    <subfield code="o">GN484 .N53 2020</subfield>
    <subfield code="p">39212</subfield>
    <subfield code="r">2026-05-20</subfield>
    <subfield code="w">2022-09-02</subfield>
    <subfield code="y">BOOKS</subfield>
  </datafield>
  <datafield tag="952" ind1=" " ind2=" ">
    <subfield code="0">0</subfield>
    <subfield code="1">0</subfield>
    <subfield code="2">lcc</subfield>
    <subfield code="4">0</subfield>
    <subfield code="7">0</subfield>
    <subfield code="a">MUC</subfield>
    <subfield code="b">MUC</subfield>
    <subfield code="c">GEN</subfield>
    <subfield code="d">2022-09-02</subfield>
    <subfield code="e">Donation (Dr. L. Ndivo)</subfield>
    <subfield code="g">2499.00</subfield>
    <subfield code="l">0</subfield>
    <subfield code="o">GN484 .N53 2020</subfield>
    <subfield code="p">39213</subfield>
    <subfield code="r">2022-09-02</subfield>
    <subfield code="w">2022-09-02</subfield>
    <subfield code="y">BOOKS</subfield>
  </datafield>
  <datafield tag="952" ind1=" " ind2=" ">
    <subfield code="0">0</subfield>
    <subfield code="1">0</subfield>
    <subfield code="2">lcc</subfield>
    <subfield code="4">0</subfield>
    <subfield code="7">0</subfield>
    <subfield code="a">MUC</subfield>
    <subfield code="b">MUC</subfield>
    <subfield code="c">GEN</subfield>
    <subfield code="d">2022-09-02</subfield>
    <subfield code="e">Donation (Dr. L. Ndivo)</subfield>
    <subfield code="g">2499.00</subfield>
    <subfield code="l">0</subfield>
    <subfield code="o">GN484 .N53 2020</subfield>
    <subfield code="p">39214</subfield>
    <subfield code="r">2022-09-02</subfield>
    <subfield code="w">2022-09-02</subfield>
    <subfield code="y">BOOKS</subfield>
  </datafield>
  <datafield tag="952" ind1=" " ind2=" ">
    <subfield code="0">0</subfield>
    <subfield code="1">0</subfield>
    <subfield code="2">lcc</subfield>
    <subfield code="4">0</subfield>
    <subfield code="7">0</subfield>
    <subfield code="a">MUC</subfield>
    <subfield code="b">MUC</subfield>
    <subfield code="c">GEN</subfield>
    <subfield code="d">2022-09-02</subfield>
    <subfield code="e">Donation (Dr. L. Ndivo)</subfield>
    <subfield code="g">2499.00</subfield>
    <subfield code="l">0</subfield>
    <subfield code="o">GN484 .N53 2020</subfield>
    <subfield code="p">39215</subfield>
    <subfield code="r">2022-09-02</subfield>
    <subfield code="w">2022-09-02</subfield>
    <subfield code="y">BOOKS</subfield>
  </datafield>
  <datafield tag="952" ind1=" " ind2=" ">
    <subfield code="0">0</subfield>
    <subfield code="1">0</subfield>
    <subfield code="2">lcc</subfield>
    <subfield code="4">0</subfield>
    <subfield code="7">0</subfield>
    <subfield code="a">MUC</subfield>
    <subfield code="b">MUC</subfield>
    <subfield code="c">GEN</subfield>
    <subfield code="d">2022-09-02</subfield>
    <subfield code="e">Donation (Dr. L. Ndivo)</subfield>
    <subfield code="g">2499.00</subfield>
    <subfield code="l">1</subfield>
    <subfield code="o">GN484 .N53 2020</subfield>
    <subfield code="p">39216</subfield>
    <subfield code="r">2022-10-14</subfield>
    <subfield code="s">2022-09-29</subfield>
    <subfield code="w">2022-09-02</subfield>
    <subfield code="y">BOOKS</subfield>
  </datafield>
  <datafield tag="952" ind1=" " ind2=" ">
    <subfield code="0">0</subfield>
    <subfield code="1">0</subfield>
    <subfield code="2">lcc</subfield>
    <subfield code="4">0</subfield>
    <subfield code="7">0</subfield>
    <subfield code="a">MUC</subfield>
    <subfield code="b">MUC</subfield>
    <subfield code="c">GEN</subfield>
    <subfield code="d">2022-09-02</subfield>
    <subfield code="e">Donation (Dr. L. Ndivo)</subfield>
    <subfield code="g">2499.00</subfield>
    <subfield code="l">0</subfield>
    <subfield code="o">GN484 .N53 2020</subfield>
    <subfield code="p">39217</subfield>
    <subfield code="r">2022-09-02</subfield>
    <subfield code="w">2022-09-02</subfield>
    <subfield code="y">BOOKS</subfield>
  </datafield>
  <datafield tag="952" ind1=" " ind2=" ">
    <subfield code="0">0</subfield>
    <subfield code="1">0</subfield>
    <subfield code="2">lcc</subfield>
    <subfield code="4">0</subfield>
    <subfield code="7">0</subfield>
    <subfield code="a">MUC</subfield>
    <subfield code="b">MUC</subfield>
    <subfield code="c">GEN</subfield>
    <subfield code="d">2022-09-02</subfield>
    <subfield code="e">Donation (Dr. L. Ndivo)</subfield>
    <subfield code="g">2499.00</subfield>
    <subfield code="l">0</subfield>
    <subfield code="o">GN484 .N53 2020</subfield>
    <subfield code="p">39218</subfield>
    <subfield code="r">2022-09-02</subfield>
    <subfield code="w">2022-09-02</subfield>
    <subfield code="y">BOOKS</subfield>
  </datafield>
  <datafield tag="952" ind1=" " ind2=" ">
    <subfield code="0">0</subfield>
    <subfield code="1">0</subfield>
    <subfield code="2">lcc</subfield>
    <subfield code="4">0</subfield>
    <subfield code="7">0</subfield>
    <subfield code="a">MUC</subfield>
    <subfield code="b">MUC</subfield>
    <subfield code="c">GEN</subfield>
    <subfield code="d">2022-09-02</subfield>
    <subfield code="e">Donation (Dr. L. Ndivo)</subfield>
    <subfield code="g">2499.00</subfield>
    <subfield code="l">0</subfield>
    <subfield code="o">GN484 .N53 2020</subfield>
    <subfield code="p">39219</subfield>
    <subfield code="r">2022-09-02</subfield>
    <subfield code="w">2022-09-02</subfield>
    <subfield code="y">BOOKS</subfield>
  </datafield>
  <datafield tag="952" ind1=" " ind2=" ">
    <subfield code="0">0</subfield>
    <subfield code="1">0</subfield>
    <subfield code="2">lcc</subfield>
    <subfield code="4">0</subfield>
    <subfield code="7">0</subfield>
    <subfield code="a">MUC</subfield>
    <subfield code="b">MUC</subfield>
    <subfield code="c">GEN</subfield>
    <subfield code="d">2022-09-02</subfield>
    <subfield code="e">Donation (Dr. L. Ndivo)</subfield>
    <subfield code="g">2499.00</subfield>
    <subfield code="l">0</subfield>
    <subfield code="o">GN484 .N53 2020</subfield>
    <subfield code="p">39220</subfield>
    <subfield code="r">2022-09-02</subfield>
    <subfield code="w">2022-09-02</subfield>
    <subfield code="y">BOOKS</subfield>
  </datafield>
  <datafield tag="952" ind1=" " ind2=" ">
    <subfield code="0">0</subfield>
    <subfield code="1">0</subfield>
    <subfield code="2">lcc</subfield>
    <subfield code="4">0</subfield>
    <subfield code="7">0</subfield>
    <subfield code="a">MUC</subfield>
    <subfield code="b">MUC</subfield>
    <subfield code="c">GEN</subfield>
    <subfield code="d">2022-09-02</subfield>
    <subfield code="e">Donation (Dr. L. Ndivo)</subfield>
    <subfield code="g">2499.00</subfield>
    <subfield code="l">0</subfield>
    <subfield code="o">GN484 .N53 2020</subfield>
    <subfield code="p">39221</subfield>
    <subfield code="r">2022-09-02</subfield>
    <subfield code="w">2022-09-02</subfield>
    <subfield code="y">BOOKS</subfield>
  </datafield>
  <datafield tag="952" ind1=" " ind2=" ">
    <subfield code="0">0</subfield>
    <subfield code="1">0</subfield>
    <subfield code="2">lcc</subfield>
    <subfield code="4">0</subfield>
    <subfield code="7">0</subfield>
    <subfield code="a">MUC</subfield>
    <subfield code="b">MUC</subfield>
    <subfield code="c">GEN</subfield>
    <subfield code="d">2022-09-02</subfield>
    <subfield code="e">Donation (Dr. L. Ndivo)</subfield>
    <subfield code="g">2499.00</subfield>
    <subfield code="l">0</subfield>
    <subfield code="o">GN484 .N53 2020</subfield>
    <subfield code="p">39222</subfield>
    <subfield code="r">2022-09-02</subfield>
    <subfield code="w">2022-09-02</subfield>
    <subfield code="y">BOOKS</subfield>
  </datafield>
  <datafield tag="952" ind1=" " ind2=" ">
    <subfield code="0">0</subfield>
    <subfield code="1">0</subfield>
    <subfield code="2">lcc</subfield>
    <subfield code="4">0</subfield>
    <subfield code="7">0</subfield>
    <subfield code="a">MUC</subfield>
    <subfield code="b">MUC</subfield>
    <subfield code="c">GEN</subfield>
    <subfield code="d">2022-09-02</subfield>
    <subfield code="e">Donation (Dr. L. Ndivo)</subfield>
    <subfield code="g">2499.00</subfield>
    <subfield code="l">0</subfield>
    <subfield code="o">GN484 .N53 2020</subfield>
    <subfield code="p">39223</subfield>
    <subfield code="r">2022-09-02</subfield>
    <subfield code="w">2022-09-02</subfield>
    <subfield code="y">BOOKS</subfield>
  </datafield>
  <datafield tag="952" ind1=" " ind2=" ">
    <subfield code="0">0</subfield>
    <subfield code="1">0</subfield>
    <subfield code="2">lcc</subfield>
    <subfield code="4">0</subfield>
    <subfield code="7">0</subfield>
    <subfield code="a">MUC</subfield>
    <subfield code="b">MUC</subfield>
    <subfield code="c">GEN</subfield>
    <subfield code="d">2022-09-02</subfield>
    <subfield code="e">Donation (Dr. L. Ndivo)</subfield>
    <subfield code="g">2499.00</subfield>
    <subfield code="l">0</subfield>
    <subfield code="o">GN484 .N53 2020</subfield>
    <subfield code="p">39224</subfield>
    <subfield code="r">2022-09-02</subfield>
    <subfield code="w">2022-09-02</subfield>
    <subfield code="y">BOOKS</subfield>
  </datafield>
  <datafield tag="952" ind1=" " ind2=" ">
    <subfield code="0">0</subfield>
    <subfield code="1">0</subfield>
    <subfield code="2">lcc</subfield>
    <subfield code="4">0</subfield>
    <subfield code="7">0</subfield>
    <subfield code="a">MUC</subfield>
    <subfield code="b">MUC</subfield>
    <subfield code="c">GEN</subfield>
    <subfield code="d">2022-09-02</subfield>
    <subfield code="e">Donation (Dr. L. Ndivo)</subfield>
    <subfield code="g">2499.00</subfield>
    <subfield code="l">0</subfield>
    <subfield code="o">GN484 .N53 2020</subfield>
    <subfield code="p">39225</subfield>
    <subfield code="r">2022-09-02</subfield>
    <subfield code="w">2022-09-02</subfield>
    <subfield code="y">BOOKS</subfield>
  </datafield>
  <datafield tag="952" ind1=" " ind2=" ">
    <subfield code="0">0</subfield>
    <subfield code="1">0</subfield>
    <subfield code="2">lcc</subfield>
    <subfield code="4">0</subfield>
    <subfield code="7">0</subfield>
    <subfield code="a">MUC</subfield>
    <subfield code="b">MUC</subfield>
    <subfield code="c">GEN</subfield>
    <subfield code="d">2022-09-02</subfield>
    <subfield code="e">Donation (Dr. L. Ndivo)</subfield>
    <subfield code="g">2499.00</subfield>
    <subfield code="l">0</subfield>
    <subfield code="o">GN484 .N53 2020</subfield>
    <subfield code="p">39226</subfield>
    <subfield code="r">2022-09-02</subfield>
    <subfield code="w">2022-09-02</subfield>
    <subfield code="y">BOOKS</subfield>
  </datafield>
  <datafield tag="952" ind1=" " ind2=" ">
    <subfield code="0">0</subfield>
    <subfield code="1">0</subfield>
    <subfield code="2">lcc</subfield>
    <subfield code="4">0</subfield>
    <subfield code="7">0</subfield>
    <subfield code="a">MUC</subfield>
    <subfield code="b">MUC</subfield>
    <subfield code="c">GEN</subfield>
    <subfield code="d">2022-09-02</subfield>
    <subfield code="e">Donation (Dr. L. Ndivo)</subfield>
    <subfield code="g">2499.00</subfield>
    <subfield code="l">0</subfield>
    <subfield code="o">GN484 .N53 2020</subfield>
    <subfield code="p">39227</subfield>
    <subfield code="r">2022-09-02</subfield>
    <subfield code="w">2022-09-02</subfield>
    <subfield code="y">BOOKS</subfield>
  </datafield>
</record>
